[Event "FRA-ch U14 Girls"]
[Site "Pau"]
[Date "2015.04.27"]
[Round "2"]
[White "Perrin, Sophie"]
[Black "Imperor, Amelie"]
[Result "0-1"]
[WhiteElo "1425"]
[BlackElo "1782"]
[PlyCount "48"]
[EventDate "2015.04.26"]
[EventType "swiss"]
[EventRounds "9"]
[EventCountry "FRA"]
[SourceTitle "CBM 166 Extra"]
[Source "ChessBase"]
[SourceDate "2015.06.18"]
[SourceVersion "1"]
[SourceVersionDate "2015.06.18"]
[SourceQuality "1"]

1. c4 e5 2. Nc3 Nc6 3. Nf3 g6 4. g3 Bg7 5. Bg2 d6 6. 0-0 Be6 7. d3 h6 8. Rb1 Qd7 9. Bd2 Nge7 10. a3 f5 11. b3 g5 12. e4 f4 13. Nd5 g4 14. Nh4 f3 15. Bh1 Bxd5 16. cxd5 Nd4 17. h3 h5 18. Kh2 Bf6 19. b4 Bxh4 20. gxh4 Ng6 21. Bg5 Ne2 22. Qc2 Ngf4 23. a4 g3+ 24. fxg3 Qxh3# 0-1

[Event "FRA-ch op-D"]
[Site "Saint Quentin"]
[Date "2015.??.??"]
[Round "11"]
[White "Stephan, Sandro"]
[Black "Perrin, Sophie"]
[Result "1/2-1/2"]
[WhiteElo "1508"]
[BlackElo "1430"]
[PlyCount "85"]
[EventDate "2015.08.09"]
[EventType "swiss"]
[EventRounds "11"]
[EventCountry "FRA"]
[SourceTitle "EXT 2016"]
[Source "ChessBase"]
[SourceDate "2015.10.08"]
[SourceVersion "1"]
[SourceVersionDate "2015.10.08"]
[SourceQuality "1"]

1. e4 c6 2. d4 d5 3. exd5 cxd5 4. Bd3 Nc6 5. c3 Nf6 6. h3 e6 7. Nf3 Be7 8. 0-0 0-0 9. Bf4 a6 10. Nbd2 b5 11. Ne5 Bb7 12. Ndf3 b4 13. Rc1 Rc8 14. Qe2 a5 15. Rfe1 Nd7 16. Nxd7 Qxd7 17. Ng5 g6 18. Nf3 bxc3 19. bxc3 Bd6 20. Bh6 Rfe8 21. Bb5 Qc7 22. Qe3 Qb6 23. Bxc6 Bxc6 24. Ne5 Qc7 25. Qf4 Bxe5 26. dxe5 Qe7 27. c4 dxc4 28. Rxc4 Bd5 29. Rxc8 Rxc8 30. Rc1 Rxc1+ 31. Qxc1 Qe8 32. Qa3 a4 33. Qb4 Bc6 34. Qh4 f5 35. exf6 Qf7 36. Qf4 Bd7 37. Qd6 Kh8 38. g4 Kg8 39. g5 Be8 40. a3 Bd7 41. h4 Be8 42. Kh2 Bd7 43. Kg3 1/2-1/2